[Event "FRA T.IV"]
[Site "Toulouse"]
[Date "2005.10.16"]
[Round "1.1"]
[White "Nivat, Alain"]
[Black "Tanguy, Fabien"]
[Result "1/2-1/2"]
[WhiteElo "1886"]
[BlackElo "2087"]
[PlyCount "109"]
[EventDate "2005.??.??"]
[EventType "team-match"]
[EventCountry "FRA"]

1. e4 Nf6 2. Nc3 d5 3. e5 d4 4. exf6 dxc3 5. Qh5 cxd2+ 6. Bxd2 exf6 7. O-O-O
Bd6 8. Re1+ Be7 9. Bb5+ Kf8 10. Bc4 g6 11. Bh6+ Kg8 12. Qe2 Nc6 13. Nf3 Bg4 14.
Bxf7+ Kxf7 15. Qc4+ Ke8 16. Qxg4 Qd5 17. Kb1 Rd8 18. Bg7 f5 19. Qa4 b5 20. Qh4
Kf7 21. Rxe7+ Nxe7 22. Qf6+ Ke8 23. Bh6 Kd7 24. Ne5+ Kc8 25. Nf7 Rhf8 26. Qa6+
Kb8 27. Nxd8 Rxd8 28. Be3 Nc6 29. a3 Re8 30. Re1 Re4 31. f3 Ra4 32. Bxa7+ Ka8
33. Re8+ Nd8 34. Qc8+ Kxa7 35. Rxd8 Qb7 36. Qd7 Rh4 37. Rc8 Rc4 38. Rh8 h5 39.
Rg8 Qb6 40. Qe8 Qg1+ 41. Ka2 Qxg2 42. Qa8+ Kb6 43. Rb8+ Kc5 44. Qa7+ Kd6 45.
Qa6+ c6 46. Rd8+ Ke5 47. Qb6 Qxf3 48. Qc7+ Ke4 49. Rd3 Qf2 50. Qe7+ Kf4 51.
Qd6+ Kg5 52. Rg3+ Rg4 53. Qe7+ Kf4 54. Qd6+ Kg5 55. Qe7+ 1/2-1/2

[Event "FRA T.IV"]
[Site "Toulouse"]
[Date "2005.10.16"]
[Round "1.1"]
[White "Scandella, Thierry"]
[Black "Arlabosse, Nicolas"]
[Result "0-1"]
[WhiteElo "2106"]
[BlackElo "1841"]
[PlyCount "50"]
[EventDate "2005.??.??"]
[EventType "team-match"]
[EventCountry "FRA"]

1. d4 d5 2. c4 e6 3. Nf3 c6 4. e3 Nf6 5. Nc3 Be7 6. Bd3 dxc4 7. Bxc4 b5 8. Bd3
Bb7 9. O-O a6 10. Qe2 Nbd7 11. Rd1 Qb6 12. a4 b4 13. a5 Qc7 14. Ne4 c5 15. Nxc5
Bxc5 16. dxc5 Nxc5 17. Bc4 Ng4 18. h3 h5 19. Bd2 Rb8 20. Kf1 Bxf3 21. gxf3 Qh2
22. Ke1 Ne5 23. f4 Qg1+ 24. Qf1 Qxf1+ 25. Kxf1 Nxc4 0-1

[Event "FRA T.IV"]
[Site "Toulouse"]
[Date "2005.10.16"]
[Round "1.1"]
[White "Videau, Yannick"]
[Black "Cesbron, Guy"]
[Result "1/2-1/2"]
[WhiteElo "1810"]
[BlackElo "2135"]
[PlyCount "51"]
[EventDate "2005.??.??"]
[EventType "team-match"]
[EventCountry "FRA"]

1. e4 c5 2. Nf3 Nc6 3. d4 cxd4 4. Nxd4 Nf6 5. Nc3 e5 6. Ndb5 d6 7. Bg5 a6 8.
Na3 b5 9. Nd5 Be7 10. Bxf6 gxf6 11. Bd3 Be6 12. c3 f5 13. f3 O-O 14. O-O f4 15.
Nc2 Bh4 16. Ncb4 Nxb4 17. cxb4 Kh8 18. Qd2 Rg8 19. Rfc1 Bxd5 20. exd5 Qb6+ 21.
Kf1 Qd4 22. Rd1 Bd8 23. Bf5 Bb6 24. Qxd4 Bxd4 25. Rd2 Kg7 26. Rc2 1/2-1/2

[Event "FRA T.IV"]
[Site "Toulouse"]
[Date "2005.10.16"]
[Round "1.2"]
[White "Arioli, Claude"]
[Black "Parpinel, Mario"]
[Result "1-0"]
[WhiteElo "1920"]
[BlackElo "1810"]
[PlyCount "92"]
[EventDate "2005.??.??"]
[EventType "team-match"]
[EventCountry "FRA"]

1. e4 e5 2. Nf3 Nc6 3. Bb5 a6 4. Ba4 Nf6 5. O-O Be7 6. Re1 b5 7. Bb3 O-O 8. h3
d6 9. c3 h6 10. d4 Nh7 11. a4 Bb7 12. a5 Bf6 13. Be3 Ne7 14. Nbd2 Ng6 15. d5
Bc8 16. Nf1 Bd7 17. Ng3 Qc8 18. Kh2 Nf4 19. c4 g5 20. c5 Bxh3 21. Bxf4 exf4 22.
Nh5 Bg4 23. Nxf6+ Nxf6 24. cxd6 cxd6 25. Rc1 Qd8 26. Rc6 Qd7 27. Qd4 Ne8 28.
Nd2 f6 29. f3 Bh5 30. Rec1 g4 31. Bd1 Qg7 32. fxg4 Bxg4 33. Bxg4 Qxg4 34. Nf3
h5 35. Qf2 Rf7 36. Nh4 Qg3+ 37. Qxg3+ fxg3+ 38. Kxg3 Rg7+ 39. Kf3 f5 40. Nxf5
Rf7 41. Ke3 Rd7 42. Rb6 Nf6 43. Rxd6 Ng4+ 44. Kd4 Rf7 45. Rcc6 Kh7 46. Rxa6 Rc8
1-0

[Event "FRA T.IV"]
[Site "Toulouse"]
[Date "2005.10.16"]
[Round "1.2"]
[White "Devals, Nicolas"]
[Black "Klinchand, Didier"]
[Result "0-1"]
[WhiteElo "1640"]
[BlackElo "1965"]
[PlyCount "44"]
[EventDate "2005.??.??"]
[EventType "team-match"]
[EventCountry "FRA"]

1. e4 c6 2. d4 d5 3. e5 Bf5 4. h4 h6 5. Nf3 e6 6. Bd3 Bg4 7. Be3 Ne7 8. Be2 Nf5
9. Nbd2 Be7 10. g3 Qb6 11. Nb3 Nd7 12. Qd3 a5 13. a4 Qc7 14. c3 Nb6 15. Qd1
Bxf3 16. Bxf3 Nc4 17. Qc1 Ncxe3 18. fxe3 Nxg3 19. Rh3 Nf5 20. h5 Bh4+ 21. Kd2
Qe7 22. Bg4 Qg5 0-1

[Event "FRA T.IV"]
[Site "Toulouse"]
[Date "2005.10.16"]
[Round "1.2"]
[White "Nghiem Cong, Luat"]
[Black "Thamier, Stephan"]
[Result "1-0"]
[WhiteElo "2050"]
[BlackElo "1970"]
[PlyCount "109"]
[EventDate "2005.??.??"]
[EventType "team-match"]
[EventCountry "FRA"]

1. e4 e5 2. Nf3 Nc6 3. Bb5 d6 4. d4 exd4 5. Nxd4 Bd7 6. Nxc6 Bxc6 7. Bxc6+ bxc6
8. Nc3 Nf6 9. O-O Be7 10. Re1 O-O 11. b3 Re8 12. Bb2 Qb8 13. Qd4 Qb6 14. Rad1
Rad8 15. Na4 Qxd4 16. Bxd4 c5 17. Bb2 Nd7 18. c4 Bf6 19. Bxf6 Nxf6 20. Nc3 a6
21. f3 Re6 22. Kf2 g5 23. Nd5 Nxd5 24. Rxd5 f6 25. Red1 Kf7 26. Rxc5 Re7 27.
Rc6 Ra8 28. Rd5 a5 29. Rb5 Ra7 30. c5 Re5 31. cxd6 cxd6 32. Rxe5 dxe5 33. Ke2
a4 34. b4 a3 35. Kd3 h5 36. Kc4 g4 37. Kc5 Ke7 38. Kb6 Ra4 39. Kb5 Ra7 40. Kc5
Ra4 41. b5 Rd4 42. Ra6 Rd2 43. Rxa3 gxf3 44. gxf3 Rxh2 45. b6 Rc2+ 46. Kb5 Kd7
47. Ra7+ Kc8 48. a4 Rb2+ 49. Ka6 Rb4 50. a5 h4 51. Rh7 Rb3 52. Rxh4 Rxf3 53.
b7+ Kc7 54. Rh7+ Kb8 55. Rh8+ 1-0

[Event "FRA T.IV"]
[Site "Toulouse"]
[Date "2005.10.16"]
[Round "1.3"]
[White "Casella, Laurent"]
[Black "Valat, Jean Marie"]
[Result "1-0"]
[WhiteElo "2028"]
[BlackElo "1690"]
[PlyCount "87"]
[EventDate "2005.??.??"]
[EventType "team-match"]
[EventCountry "FRA"]

1. e4 d6 2. d4 Nf6 3. Nc3 g6 4. Be3 Bg7 5. f3 O-O 6. Qd2 e5 7. Nge2 exd4 8.
Nxd4 a6 9. O-O-O c5 10. Nb3 Be6 11. Qxd6 Qxd6 12. Rxd6 Bxb3 13. axb3 Nfd7 14.
Be2 Re8 15. Rhd1 Bf8 16. Rxd7 Nxd7 17. Rxd7 b5 18. Nd5 Red8 19. Rc7 Bd6 20. Rc6
Bxh2 21. Bxc5 Be5 22. f4 Bg7 23. Bf3 Bf8 24. Bd4 Bg7 25. e5 h5 26. Bb6 Rd7 27.
Nc7 Rf8 28. Nxa6 Ra8 29. Bc5 Bh6 30. Rf6 Bxf4+ 31. Rxf4 Rxa6 32. Rd4 Ra1+ 33.
Kd2 Rxd4+ 34. Bxd4 Ra5 35. Kc3 h4 36. Kb4 Ra1 37. Kxb5 Rf1 38. Bb7 Re1 39. c4
g5 40. c5 g4 41. c6 h3 42. gxh3 gxh3 43. c7 Rc1 44. Bc3 1-0

[Event "FRA T.IV"]
[Site "Toulouse"]
[Date "2005.10.16"]
[Round "1.3"]
[White "Muratet, Lucas"]
[Black "Breton, Yves"]
[Result "0-1"]
[WhiteElo "1840"]
[BlackElo "1860"]
[PlyCount "64"]
[EventDate "2005.??.??"]
[EventType "team-match"]
[EventCountry "FRA"]

1. Nf3 d5 2. c4 e6 3. e3 Nf6 4. Nc3 c5 5. d4 Nc6 6. dxc5 Bxc5 7. a3 O-O 8. b4
Be7 9. Bb2 dxc4 10. Bxc4 Qc7 11. Qc2 Nxb4 12. Qb3 Nc6 13. Bd3 e5 14. Qc2 a6 15.
Ne4 Nd7 16. Ng3 h6 17. Nf5 Bf6 18. g4 Qb6 19. Rb1 Qc5 20. h4 Qxc2 21. Bxc2 Bd8
22. g5 h5 23. Rg1 g6 24. Ng3 Re8 25. Rd1 Nc5 26. Nxe5 Ba5+ 27. Kf1 Nxe5 28. f4
Bh3+ 29. Ke2 Bg4+ 30. Kf2 Bxd1 31. Rxd1 Ng4+ 32. Kg1 Nxe3 0-1

[Event "FRA T.IV"]
[Site "Toulouse"]
[Date "2005.10.16"]
[Round "1.3"]
[White "Van Hall, Pieter"]
[Black "De Biasi, Robert"]
[Result "1-0"]
[WhiteElo "1800"]
[BlackElo "1875"]
[PlyCount "67"]
[EventDate "2005.??.??"]
[EventType "team-match"]
[EventCountry "FRA"]

1. d4 Nf6 2. Bg5 e6 3. e4 Be7 4. Nc3 c6 5. Bd3 d6 6. Nf3 Nbd7 7. e5 dxe5 8.
dxe5 Ng4 9. Bf4 Qb6 10. O-O Nc5 11. h3 Nxd3 12. Qxd3 Nh6 13. Bxh6 gxh6 14. b3
Bd7 15. Ne4 O-O-O 16. Nd6+ Bxd6 17. exd6 Qc5 18. Rad1 Rdg8 19. Rfe1 Qh5 20. Kh2
e5 21. Nxe5 Re8 22. Nxd7 Rxe1 23. Rxe1 Kxd7 24. Re7+ Kd8 25. Rxb7 Qe5+ 26. Qg3
Qxg3+ 27. Kxg3 Kc8 28. Rxa7 Rd8 29. Ra8+ Kd7 30. Rxd8+ Kxd8 31. c4 c5 32. Kf4
Kd7 33. Ke5 f6+ 34. Kd5 1-0

[Event "FRA T.IV"]
[Site "Toulouse"]
[Date "2005.10.16"]
[Round "1.4"]
[White "Alonso, Jesus"]
[Black "Raynaud, Pascal"]
[Result "1-0"]
[WhiteElo "1840"]
[BlackElo "1680"]
[PlyCount "57"]
[EventDate "2005.??.??"]
[EventType "team-match"]
[EventCountry "FRA"]

1. e4 d6 2. d4 Nf6 3. Nc3 c6 4. Nf3 Qc7 5. Be2 Nbd7 6. O-O e5 7. a4 a5 8. Bc4
Nxe4 9. Bxf7+ Kxf7 10. Nxe4 h6 11. Nh4 Nf6 12. Nxf6 gxf6 13. Qh5+ Kg8 14. Ra3
Bg7 15. Qe8+ Kh7 16. Qg6+ Kg8 17. Rg3 Qf7 18. Qd3 Qh5 19. Ng6 Rh7 20. dxe5 Kf7
21. exf6 Bf5 22. Qb3+ Kxf6 23. Qxb7 Re8 24. b3 Bxg6 25. Bb2+ Kf5 26. Bxg7 Qh4
27. Qd7+ Kf4 28. Qxd6+ Kf5 29. Qxg6+ 1-0

[Event "FRA T.IV"]
[Site "Toulouse"]
[Date "2005.10.16"]
[Round "1.4"]
[White "Besset, Thierry"]
[Black "Nouvel, Denis"]
[Result "1-0"]
[WhiteElo "1850"]
[BlackElo "1700"]
[PlyCount "43"]
[EventDate "2005.??.??"]
[EventType "team-match"]
[EventCountry "FRA"]

1. e4 e5 2. Nf3 Nc6 3. Bc4 Nf6 4. d4 exd4 5. O-O Nxe4 6. Re1 d5 7. Bxd5 Qxd5 8.
Nc3 Qh5 9. Nxe4 Be6 10. Bg5 Be7 11. Bxe7 Nxe7 12. Nxd4 Qg6 13. Nxe6 fxe6 14.
Qf3 O-O-O 15. Nc5 Nc6 16. Nxe6 Rde8 17. Qb3 Nd8 18. Nf4 Qd6 19. g3 Nc6 20. Rad1
Nd4 21. Qd3 Re5 22. Rxe5 1-0

[Event "FRA T.IV"]
[Site "Toulouse"]
[Date "2005.10.16"]
[Round "1.4"]
[White "Olle, Jean Pierre"]
[Black "Tarayre, Pascal"]
[Result "1/2-1/2"]
[WhiteElo "1865"]
[BlackElo "1720"]
[PlyCount "46"]
[EventDate "2005.??.??"]
[EventType "team-match"]
[EventCountry "FRA"]

1. e4 c5 2. Nf3 d6 3. d4 cxd4 4. Nxd4 Nf6 5. Nc3 g6 6. Be2 Bg7 7. Be3 O-O 8.
O-O Nc6 9. Nb3 Be6 10. f4 Na5 11. Nxa5 Qxa5 12. Bd4 Rac8 13. a3 Bc4 14. h3 Qa6
15. Bxc4 Qxc4 16. Qd3 a6 17. Rad1 e6 18. e5 dxe5 19. Bxe5 Nd5 20. Bxg7 Kxg7 21.
Nxd5 exd5 22. Qxd5 Qxc2 23. Rd2 Qc7 1/2-1/2

[Event "FRA T.IV"]
[Site "Toulouse"]
[Date "2005.10.16"]
[Round "1.5"]
[White "Pinault, Ronan"]
[Black "Valade, Patrick"]
[Result "1/2-1/2"]
[WhiteElo "1780"]
[BlackElo "1580"]
[PlyCount "38"]
[EventDate "2005.??.??"]
[EventType "team-match"]
[EventCountry "FRA"]

1. d4 d5 2. Nf3 Nf6 3. e3 Nbd7 4. Bd3 e6 5. Nbd2 c5 6. b3 Qc7 7. Bb2 Bd6 8. O-O
h5 9. Re1 Ng4 10. Nf1 h4 11. h3 Ndf6 12. hxg4 h3 13. Ne5 Nd7 14. f4 f6 15. Nxd7
Bxd7 16. Qf3 hxg2 17. Kxg2 O-O-O 18. Ng3 Bc6 19. Rh1 e5 1/2-1/2

[Event "FRA T.IV"]
[Site "Toulouse"]
[Date "2005.10.16"]
[Round "1.5"]
[White "Reynes, Philippe"]
[Black "Saubiette, Cyrille"]
[Result "1-0"]
[WhiteElo "1720"]
[BlackElo "1750"]
[PlyCount "53"]
[EventDate "2005.??.??"]
[EventType "team-match"]
[EventCountry "FRA"]

1. e4 e5 2. Nf3 Nf6 3. Nc3 Bb4 4. d3 O-O 5. Bg5 d6 6. Be2 Be6 7. O-O Nbd7 8.
Nd5 Bxd5 9. exd5 Qe8 10. c4 c5 11. dxc6 bxc6 12. Qa4 Bc5 13. b4 Nb6 14. Qb3 Bd4
15. Nxd4 exd4 16. Bxf6 gxf6 17. Bf3 Qd7 18. b5 c5 19. Bxa8 Rxa8 20. a4 Qb7 21.
Rfe1 Kf8 22. Qd1 Nd7 23. Qh5 Ne5 24. Qxh7 Ng6 25. h4 Ne7 26. Qh8+ Ng8 27. h5
1-0

[Event "FRA T.IV"]
[Site "Toulouse"]
[Date "2005.10.16"]
[Round "1.5"]
[White "Rouqual, Guy"]
[Black "Nenert, Louis"]
[Result "1/2-1/2"]
[WhiteElo "1620"]
[BlackElo "1780"]
[PlyCount "103"]
[EventDate "2005.??.??"]
[EventType "team-match"]
[EventCountry "FRA"]

1. d4 Nf6 2. Nf3 d6 3. Nbd2 g6 4. e4 Bg7 5. e5 Nfd7 6. Nc4 O-O 7. Bf4 Nb6 8.
Ne3 Na6 9. c3 c5 10. Bd3 cxd4 11. cxd4 dxe5 12. dxe5 Nd5 13. Nxd5 Qxd5 14. Bxa6
Qa5+ 15. Bd2 Qxa6 16. Bc3 Be6 17. a3 Rfd8 18. Qe2 Bc4 19. Qe4 f6 20. Bd4 Bd5
21. Qe3 Bxf3 22. gxf3 fxe5 23. Bc3 Qd3 24. Rg1 Qxe3+ 25. fxe3 Rd3 26. Ke2 Rad8
27. Rg4 e4 28. Rxe4 Bxc3 29. bxc3 Rd2+ 30. Kf1 Rxh2 31. Kg1 Rdd2 32. Rxe7 Rdg2+
33. Kf1 Rg3 34. Rxb7 Rxf3+ 35. Kg1 Rfh3 36. Rxa7 Rh5 37. Rf1 Rh1+ 38. Kg2 Rxf1
39. Kxf1 Rc5 40. Ke2 Rxc3 41. Kf3 h5 42. Kf4 h4 43. Kg4 Rxe3 44. Kxh4 Re5 45.
a4 Kf8 46. a5 Ke8 47. a6 Ra5 48. Kg4 Kd8 49. Rg7 Rxa6 50. Kg5 Ke8 51. Rxg6
Rxg6+ 52. Kxg6 1/2-1/2

[Event "FRA T.IV"]
[Site "Toulouse"]
[Date "2005.10.16"]
[Round "1.6"]
[White "Forest, Eric"]
[Black "Delmas, Jean"]
[Result "1-0"]
[WhiteElo "1760"]
[BlackElo "1620"]
[PlyCount "119"]
[EventDate "2005.??.??"]
[EventType "team-match"]
[EventCountry "FRA"]

1. e4 e5 2. Nf3 Nc6 3. Bb5 a6 4. Ba4 Nf6 5. d3 d6 6. c3 Be7 7. O-O O-O 8. Re1
b5 9. Bb3 Na5 10. Bc2 c5 11. Nbd2 Nc6 12. Nf1 Bg4 13. h3 Be6 14. Ne3 Qd7 15.
Ng5 h6 16. Nxe6 fxe6 17. Bb3 Kh8 18. Nf1 Na5 19. Bc2 Qe8 20. f4 exf4 21. Bxf4
e5 22. Bd2 Nh5 23. Qg4 Nf6 24. Qe6 Qf7 25. Qxf7 Rxf7 26. Ne3 g6 27. b4 Nc6 28.
bxc5 dxc5 29. Nd5 Kg7 30. Nxe7 Nxe7 31. Rf1 Rff8 32. Be3 Nd7 33. a4 Rac8 34.
axb5 axb5 35. Ra7 Rfd8 36. Bb3 c4 37. dxc4 bxc4 38. Ba4 Nc6 39. Rb7 Kg8 40.
Bxh6 Nc5 41. Rg7+ Kh8 42. Bc2 Rg8 43. Rxg8+ Kxg8 44. Be3 Nd3 45. Ba4 Kg7 46.
Bg5 Nd8 47. Bd7 Rc7 48. Bf6+ Kg8 49. Bg4 Nb7 50. Be6+ Kh7 51. Ra1 Nbc5 52. Bd5
Rd7 53. Ra8 Kh6 54. h4 Kh5 55. Rg8 Nf4 56. Bxc4 Rd1+ 57. Kh2 Nxe4 58. Bxe5 Nf2
59. Bxf4 Kg4 60. Be2+ 1-0

[Event "FRA T.IV"]
[Site "Toulouse"]
[Date "2005.10.16"]
[Round "1.6"]
[White "Garcia del Prado, Bruno"]
[Black "Strub, Bruno"]
[Result "1-0"]
[WhiteElo "1790"]
[BlackElo "1499"]
[PlyCount "51"]
[EventDate "2005.??.??"]
[EventType "team-match"]
[EventCountry "FRA"]

1. e4 e5 2. Nf3 Nc6 3. Bb5 Nf6 4. O-O Bc5 5. c3 d6 6. d4 Bb6 7. dxe5 Ng4 8.
exd6 cxd6 9. Bf4 Bc7 10. h3 Nf6 11. e5 dxe5 12. Qxd8+ Bxd8 13. Nxe5 O-O 14.
Nxc6 Bd7 15. Nd4 Re8 16. Nd2 a6 17. Bxd7 Nxd7 18. Rfe1 Be7 19. Re2 Nc5 20. Re3
Rad8 21. Rae1 Rd7 22. Nc4 f6 23. Nb6 Rdd8 24. Rxe7 Rxe7 25. Rxe7 Nd3 26. Ne6
1-0

[Event "FRA T.IV"]
[Site "Toulouse"]
[Date "2005.10.16"]
[Round "1.6"]
[White "Gayraud, Christian"]
[Black "Treinsoutrot, Patrick"]
[Result "1-0"]
[WhiteElo "1510"]
[BlackElo "1660"]
[PlyCount "33"]
[EventDate "2005.??.??"]
[EventType "team-match"]
[EventCountry "FRA"]

1. e4 c6 2. d4 d5 3. e5 Bf5 4. h4 h6 5. Nc3 e6 6. f4 c5 7. Be3 Nc6 8. Bb5 Qb6
9. Nge2 a6 10. Bxc6+ bxc6 11. b3 Be7 12. Ng3 Bxc2 13. Qxc2 cxd4 14. Na4 Bb4+
15. Bd2 Bxd2+ 16. Qxd2 Qa7 17. Rc1 1-0

[Event "FRA T.IV"]
[Site "Toulouse"]
[Date "2005.10.16"]
[Round "1.7"]
[White "Druet, Alain"]
[Black "Chevauche, Alain"]
[Result "0-1"]
[WhiteElo "1499"]
[BlackElo "1660"]
[PlyCount "108"]
[EventDate "2005.??.??"]
[EventType "team-match"]
[EventCountry "FRA"]

1. e4 d5 2. exd5 Qxd5 3. Nc3 Qa5 4. Nf3 Nf6 5. d3 c6 6. Bd2 Bg4 7. Be2 e6 8.
Ne4 Qd8 9. h3 Bf5 10. O-O Nxe4 11. dxe4 Bxe4 12. Ng5 Bf5 13. Bg4 Bxg4 14. hxg4
Be7 15. Qc1 Qd4 16. Bc3 Qxg4 17. Nh3 Nd7 18. b4 Bf6 19. Bxf6 Nxf6 20. f3 Qxb4
21. Rb1 Qc5+ 22. Nf2 b6 23. Re1 Rd8 24. Kf1 h5 25. Qb2 Rd2 26. Re2 Rxe2 27.
Kxe2 Nd5 28. Kf1 Ne3+ 29. Kg1 Qxc2 30. Qxc2 Nxc2 31. Rc1 Nd4 32. Ne4 Ne2+ 33.
Kf2 Nxc1 34. Nd6+ Kd7 35. Nxf7 Rf8 36. Ne5+ Kd6 37. Nc4+ Kc5 38. Ne3 Nxa2 39.
Kg3 g5 40. Nf1 Kd4 41. Nd2 c5 42. Ne4 c4 43. Kf2 g4 44. Ng5 Kd5 45. Ke2 gxf3+
46. gxf3 b5 47. Kd2 h4 48. Kc2 b4 49. Kb2 Nc3 50. Kc2 h3 51. Nxh3 Rxf3 52. Ng5
Rf2+ 53. Kc1 b3 54. Nh3 b2# 0-1

[Event "FRA T.IV"]
[Site "Toulouse"]
[Date "2005.10.16"]
[Round "1.7"]
[White "Guesdon, Joel"]
[Black "Courceulles, Alexandre"]
[Result "1/2-1/2"]
[WhiteElo "1620"]
[BlackElo "1570"]
[PlyCount "112"]
[EventDate "2005.??.??"]
[EventType "team-match"]
[EventCountry "FRA"]

1. c4 e5 2. Nc3 Nc6 3. d3 Bc5 4. Nf3 d6 5. Bg5 f6 6. Bd2 Nge7 7. e4 Bg4 8. Be2
Nb4 9. a3 Bxf3 10. gxf3 Nbc6 11. f4 a6 12. Rg1 g6 13. Bg4 Rg8 14. Be6 Rh8 15.
Ne2 Nd4 16. Nxd4 Bxd4 17. Ra2 Nc6 18. Qg4 exf4 19. Bxf4 Be5 20. Bxe5 Nxe5 21.
Qh3 Qe7 22. Kd2 Nf3+ 23. Qxf3 Qxe6 24. b4 Kf7 25. Rg4 Rhe8 26. Rc2 Qe5 27. Qh3
h5 28. Rg1 c6 29. Qg3 g5 30. Qxe5 dxe5 31. f3 Rad8 32. Kc3 b5 33. c5 Rg8 34. h3
Rd7 35. Rcg2 h4 36. Ra2 Rgd8 37. Rd1 Ke6 38. a4 f5 39. axb5 axb5 40. Ra6 Rc7
41. d4 exd4+ 42. Rxd4 Rxd4 43. Kxd4 g4 44. exf5+ Kxf5 45. fxg4+ Kf4 46. Ra3 Re7
47. Rd3 Re4+ 48. Kc3 Re7 49. Kd2 Re6 50. Rd4+ Kg3 51. Rd3+ Kf4 52. Rb3 Re4 53.
Rb1 Kg3 54. Kd3 Rc4 55. Ke2 Kxh3 56. Kf3 Rc3+ 1/2-1/2

[Event "FRA T.IV"]
[Site "Toulouse"]
[Date "2005.10.16"]
[Round "1.7"]
[White "Montreuille, Pierre"]
[Black "Cuq, Christian"]
[Result "0-1"]
[WhiteElo "1590"]
[BlackElo "1610"]
[PlyCount "66"]
[EventDate "2005.??.??"]
[EventType "team-match"]
[EventCountry "FRA"]

1. Nf3 Nf6 2. b3 g6 3. Bb2 Bg7 4. c4 O-O 5. e3 c5 6. d4 d6 7. Bd3 Nc6 8. a3
cxd4 9. exd4 e5 10. Nbd2 Re8 11. Qc2 Bg4 12. O-O-O Nxd4 13. Bxd4 exd4 14. h3
Bd7 15. Nxd4 Nh5 16. Ne2 Qa5 17. a4 Qb4 18. Qa2 Rac8 19. g4 Nf6 20. Nd4 Qc3+
21. Bc2 Qxd4 22. Ne4 Qe5 23. Nxd6 Qf4+ 24. Kb1 Bc6 25. Rhg1 Ne4 26. Nxe4 Bxe4
27. Rgf1 Bc6 28. b4 Re2 29. c5 Qxb4+ 30. Qb3 Qxc5 31. f4 Rxc2 32. Qxc2 Qxc2+
33. Kxc2 Bxa4+ 0-1

[Event "FRA T.IV"]
[Site "Toulouse"]
[Date "2005.10.16"]
[Round "1.8"]
[White "Santoul, Pascal"]
[Black "Chapelet, Jonas"]
[Result "0-1"]
[WhiteElo "1480"]
[BlackElo "1750"]
[PlyCount "44"]
[EventDate "2005.??.??"]
[EventType "team-match"]
[EventCountry "FRA"]

1. e4 c5 2. Nf3 Nc6 3. b3 e6 4. Bb2 d5 5. exd5 exd5 6. d4 Nf6 7. c3 Be7 8. Be2
O-O 9. Nbd2 Re8 10. O-O Nh5 11. Ne5 Nf4 12. Nxc6 bxc6 13. Nf3 Bd6 14. Bd3 Bg4
15. Bc1 Qf6 16. Bxf4 Qxf4 17. Qc2 Bxf3 18. Bxh7+ Kh8 19. g3 Qh6 20. Qf5 Be4 21.
Qg4 Kxh7 22. Rfe1 f5 0-1

[Event "FRA T.IV"]
[Site "Toulouse"]
[Date "2005.11.20"]
[Round "2"]
[White "Aladaye, Rene"]
[Black "Eb Levadoux, Yvan"]
[Result "1-0"]
[WhiteElo "1720"]
[BlackElo "1870"]
[PlyCount "127"]
[EventDate "2005.??.??"]
[EventType "team-match"]
[EventCountry "FRA"]

1. Nf3 Nf6 2. d3 d5 3. g3 c5 4. Bg2 Nc6 5. Nbd2 e5 6. e4 d4 7. O-O h5 8. h3 b5
9. a4 bxa4 10. Rxa4 Be6 11. Ng5 Bd7 12. Ra1 Nh7 13. Ndf3 Nxg5 14. Nxg5 f6 15.
Nf3 g5 16. Nh2 Qc8 17. g4 a5 18. f3 Ra7 19. Rf2 Be6 20. Nf1 c4 21. Ng3 h4 22.
Nf5 Qa6 23. Bf1 Rhh7 24. Kg2 Qb5 25. dxc4 Bxc4 26. Bxc4 Qxc4 27. b3 Qc3 28. Ra4
Nb4 29. Bd2 Qxc2 30. Qxc2 Nxc2 31. Bxg5 fxg5 32. Rxc2 Bb4 33. Rc6 Rac7 34. Rc4
Rxc4 35. bxc4 Rc7 36. Kf1 Rxc4 37. Nd6+ Bxd6 38. Rxc4 Kd7 39. Ke2 Bb4 40. Kd3
Bd6 41. Rc2 Bb4 42. Rc4 Kd6 43. Rc8 Kd7 44. Rc4 Kd6 45. Kc2 Bc5 46. Kd3 Kc6 47.
Rc2 Kb5 48. Ra2 Bb4 49. f4 gxf4 50. g5 Bf8 51. g6 Kb4 52. Rb2+ Ka3 53. Rb8 Bh6
54. Rb7 a4 55. g7 Bxg7 56. Rxg7 Kb2 57. Rb7+ Ka2 58. Rb5 a3 59. Rxe5 Kb3 60.
Rb5+ Ka4 61. Kc4 f3 62. Rb8 Ka5 63. Ra8+ Kb6 64. Rxa3 1-0

[Event "FRA T.IV"]
[Site "Toulouse"]
[Date "2005.04.11"]
[Round "2"]
[White "Besset, Thierry"]
[Black "Stas, Jean"]
[Result "1/2-1/2"]
[WhiteElo "1850"]
[BlackElo "1490"]
[PlyCount "78"]
[EventDate "2005.??.??"]
[EventType "team-match"]
[EventCountry "FRA"]

1. e4 c5 2. b4 cxb4 3. a3 d5 4. exd5 Qxd5 5. Nf3 e6 6. axb4 Bxb4 7. c3 Bd6 8.
c4 Qc6 9. d4 b6 10. c5 bxc5 11. Nc3 a6 12. dxc5 Qxc5 13. Qd2 Nf6 14. Ba3 Qxa3
15. Rxa3 Bxa3 16. Qa2 Be7 17. Bb5+ Nfd7 18. Ne5 O-O 19. Bxd7 Nxd7 20. Nc6 Bf6
21. Ne4 Bb7 22. Nxf6+ Nxf6 23. Ne5 Bxg2 24. Rg1 Bh3 25. Qa1 Bf5 26. Nd7 Bg6 27.
Nxf6+ gxf6 28. Qxf6 Rfd8 29. h4 Rd5 30. Rg3 a5 31. Qf3 h5 32. Qf6 Kh7 33. Rxg6
fxg6 34. Qxe6 Rf5 35. Qd7+ Kh6 36. Qd2+ Kh7 37. Qd7+ Kh6 38. Qd2+ Kh7 39. Qd7+
Kh6 1/2-1/2

[Event "FRA T.IV"]
[Site "Toulouse"]
[Date "2005.04.11"]
[Round "2"]
[White "Buiten, Herman"]
[Black "Tanguy, Fabien"]
[Result "0-1"]
[WhiteElo "1690"]
[BlackElo "2087"]
[PlyCount "64"]
[EventDate "2005.??.??"]
[EventType "team-match"]
[EventCountry "FRA"]

1. b4 c6 2. a3 a5 3. Bb2 Qb6 4. c3 c5 5. Qc2 c4 6. e3 d5 7. Nf3 Nc6 8. d4 g6 9.
Nbd2 Bg7 10. Be2 Nf6 11. O-O Bf5 12. Qd1 O-O 13. Nh4 Bd7 14. e4 e6 15. e5 Ne8
16. Kh1 Rc8 17. Ndf3 f6 18. exf6 Bxf6 19. Bc1 Qd8 20. g3 Nd6 21. Ng2 Ne4 22.
Qc2 b5 23. Be3 e5 24. dxe5 Nxe5 25. Nd4 Nd3 26. Nf4 Nxf4 27. Bxf4 Bxd4 28. cxd4
Bh3 29. Bf3 Bxf1 30. Rxf1 axb4 31. axb4 Qe7 32. Be5 Rxf3 0-1

[Event "FRA T.IV"]
[Site "Toulouse"]
[Date "2005.11.20"]
[Round "2"]
[White "Catala, Laurent"]
[Black "Taravaud, Evelyne"]
[Result "1/2-1/2"]
[WhiteElo "1810"]
[BlackElo "1640"]
[PlyCount "102"]
[EventDate "2005.??.??"]
[EventType "team-match"]
[EventCountry "FRA"]

1. e4 c5 2. Nf3 d6 3. d4 cxd4 4. Nxd4 Nf6 5. Nc3 a6 6. Be3 e6 7. Be2 Be7 8. O-O
O-O 9. f4 b5 10. a3 Qc7 11. Bd3 Nbd7 12. g4 Nc5 13. g5 Ne8 14. f5 Bb7 15. Qg4
Nxd3 16. cxd3 e5 17. Nb3 Bd8 18. Rac1 Qd7 19. Rf3 Rc8 20. Rh3 g6 21. Rh6 Ng7
22. Rf1 a5 23. Rf3 a4 24. Nc1 d5 25. Rfh3 Nh5 26. R6xh5 gxh5 27. Qxh5 f6 28.
gxf6 Bxf6 29. Nxb5 Rf7 30. Rg3+ Rg7 31. Rxg7+ Bxg7 32. Na7 Ra8 33. exd5 Qxd5
34. Qg4 Kh8 35. Kf2 Rg8 36. Bg5 Qc5+ 37. Be3 Qe7 38. Qxa4 Bf6 39. Nb5 Qg7 40.
Ne2 Qg2+ 41. Ke1 Qxh2 42. Nbc3 Bf3 43. Kd2 Qh5 44. b4 Qxf5 45. b5 h5 46. Ne4
Be7 47. b6 Rd8 48. Nf2 Ra8 49. Qb5 Rxa3 50. Nd4 Ra2+ 51. Ke1 Ra1+ 1/2-1/2

[Event "FRA T.IV"]
[Site "Toulouse"]
[Date "2005.11.20"]
[Round "2"]
[White "Chauveau, Philippe"]
[Black "Hantisse, Alain"]
[Result "1/2-1/2"]
[WhiteElo "2042"]
[BlackElo "1980"]
[PlyCount "46"]
[EventDate "2005.??.??"]
[EventType "team-match"]
[EventCountry "FRA"]

1. Nf3 Nf6 2. c4 g6 3. Nc3 Bg7 4. e4 d6 5. d4 O-O 6. Be3 e5 7. dxe5 dxe5 8.
Qxd8 Rxd8 9. Nd5 Nxd5 10. cxd5 Bg4 11. Nd2 c6 12. Bc4 Bd7 13. Rc1 cxd5 14. Bxd5
Bc6 15. O-O Bxd5 16. exd5 Na6 17. Rc4 Rxd5 18. Rfc1 Rad8 19. Rc8 h6 20. Ne4 b6
21. Bxh6 Rxc8 22. Rxc8+ Kh7 23. Nc3 Rd7 1/2-1/2